000 00726nam a22002897a 4500
001 BR9507859
003 BR-BrBNA
005 20230928095114.0
007 ta
008 230509b bl.||||| |||| 00| 0 por d
040 _aBR-BrBNA
_bpor
_cBiblioteca Nacional de Agricultura
041 _a(Por)
072 _aF60
090 _ F60 BR9507859
100 1 _aFerri, M.G.(coord.)
245 1 _aFisiologia vegetal
250 1 _a2. ed.
260 3 _aSao Paulo, SP (Brasil):
_bE.P.V.,
_c1985.
300 _av. 1-2
650 _aNutricao Vegetal
650 _aMetabolismo Nitrogenado
650 _aRespiracao
650 _aCrescimento
650 _aFotossintese
909 _a202309
_bLucia
_c55
_dLucia Elande
942 _cBK
999 _c54557
_d54557